000 00640nam a22002417a 4500
003 UA-OsUOA
001 45426
007 ta
008 20111011b un ||||| |||| 00| 0 ukr d
100 _aКуліш М.
090 _a82-2
_bК90
942 _cBK
040 _aUA-OsUOA
_bukr
_cUA-OsUOA
_dUA-OsUOA
245 _aП'єси.
300 _a277 с.
955 _a3
041 _aukr
080 _a82-2
260 _aК.
_c1960
650 7 _a82 Література. Літературознавство
_2UDC
999 _c425535
_d425535